Poemas de amor y melancolía /

Andrés Delmar, pseudónimo literario de Cristián Flores Escalona, nació en San Bernardo, Chile en 1971 y cursó estudios de Letras y de Fotografía en la Universidad Católica de Chile y de Educación en la Universidad Metropolitana de Ciencias de la Educación. Autor de Poemas de amor y melancolía (1999)...

Descrición completa

Gardado en:
Detalles Bibliográficos
Autor Principal: Delmar, Andrés
Formato: Libro
Idioma:Lingua castelá
Publicado: Santiago, Chile : Puerto Luz, 1999, c1999
Series:(Primersos Versos)
Temas:
Etiquetas: Engadir etiqueta
Sen Etiquetas, Sexa o primeiro en etiquetar este rexistro!

MARC

LEADER 00000nam^a2200000^a^4500
001 000184933
005 20250521000000.0
009 20260310102133.873
020 |a 956-288-306-X 
037 |a Acervo ITESO - Biblioteca 
041 |a ESP 
082 |a 861.  |b DEL 
100 |a Delmar, Andrés 
245 1 0 |a Poemas de amor y melancolía /  |c A. Delmar. 
264 4 |a Santiago, Chile :  |b Puerto Luz,  |c 1999, c1999 
300 |a 82 p. 
336 |a texto  |b txt  |2 rdacontenido 
337 |a sin mediación  |b n  |2 rdamedio 
338 |a volumen  |b nc  |2 rdasoporte 
440 1 |a (Primersos Versos) 
520 |a Andrés Delmar, pseudónimo literario de Cristián Flores Escalona, nació en San Bernardo, Chile en 1971 y cursó estudios de Letras y de Fotografía en la Universidad Católica de Chile y de Educación en la Universidad Metropolitana de Ciencias de la Educación. Autor de Poemas de amor y melancolía (1999) y de Montaña ilusión, un segundo volumen de poesía, entre otras obras, Delmar se dedica a la creación y la docencia literarias. 
649 |a XX 
650 |a Poesía Chilena 
650 |a Poesía Amorosa -  |z Chile 
650 |a Literatura Chilena -  |y Siglo XX 
650 |a Amor en la Literatura -  |z Chile 
910 |a Fondo General 
920 |a Impresos - Libros 
930 |a Colección General 
940 |a Literatura 
905 |a 101 
901 |a 0500126001  |b IT1  |c LIT  |u 20250521 
902 |a https://opac.biblio.iteso.mx/vufind/Record/000184933